000 00776nab a2200181 4500
001 244442
003 OSt
005 20230726131757.0
007 tu
008 200917s2020|||||||
040 _aDE-2950
_cDE-2950
245 0 0 _aEin Stadion und seine vielen Sternstunden.
_cHans Eberhard
_bJubiläum. Spiele gegen Juventus Turin und Werder Bremen oder ein Konzert von Udo Lindenberg - das Stadion der Freundschaft in Frankfurt wird 70 Jahre alt und hat viele Geschichten zu erzählen. Warum es schonn vor der Eröffnung am 12. Juli 1953 Ärger gab und wie es heute dasteht/
264 _c2023
653 _aFrankfurt (Oder)
653 _aStadion der Freundschaft
773 0 _g34. Jahrgang (2023) Nr. 160 vom 12.07.2023, S. 15, mit Foto
_tMärkische Oderzeitung
942 _2z
_cA
999 _c372636
_d372636